Pre-Intermediate Market Leader: Business English Course Book. (Record no. 3039)

MARC details
000 -LEADER
fixed length control field 00370nam a22001217a 4500
005 - DATE AND TIME OF LATEST TRANSACTION
control field 20200928133128.0
008 - FIXED-LENGTH DATA ELEMENTS--GENERAL INFORMATION
fixed length control field 200928b ||||| |||| 00| 0 eng d
020 ## - INTERNATIONAL STANDARD BOOK NUMBER
International Standard Book Number 9781408237076
040 ## - CATALOGING SOURCE
Transcribing agency CML
245 ## - TITLE STATEMENT
Title Pre-Intermediate Market Leader: Business English Course Book.
Statement of responsibility, etc. Cotton, D.
260 ## - PUBLICATION, DISTRIBUTION, ETC.
Name of publisher, distributor, etc. Pearson
942 ## - ADDED ENTRY ELEMENTS (KOHA)
Source of classification or shelving scheme Dewey Decimal Classification
Koha item type Books
Edition 3rd Edition
Classification part 428
Call number prefix R
Call number suffix COT
Holdings
Withdrawn status Lost status Source of classification or shelving scheme Damaged status Not for loan Collection code Home library Current library Shelving location Date acquired Total Checkouts Full call number Barcode Date last seen Copy number Price effective from Koha item type
    Dewey Decimal Classification     Language Chalimbana Main Library Chalimbana Main Library Language 09/28/2020   R428 COT 9781408237076 09/28/2020 1 09/28/2020 Books

Powered by Koha